Top 10 largest countries of Australia and Oceania - Statistics

General Stats
  • This quiz has been taken 49 times
  • The average score is 8 of 10
Answer Stats
Area in km2 Answer % Correct
7,692,024 Australia
98%
270,467 New Zealand
98%
462,840 Papua New Guinea
95%
18,274 Fiji
85%
28,896 Solomon Islands
78%
2,831 Samoa
73%
811 Kiribati
70%
702 Federated States of Micronesia
68%
747 Tonga
68%
12,189 Vanuatu
63%
No matching quizzes found
Score Distribution
Percent of People with Each Score
Percentile by Number Answered
Your Score History
You have not taken this quiz